<?xml version="1.0" encoding="UTF-8"?>
<record
    xmlns:xsi="http://www.w3.org/2001/XMLSchema-instance"
    xsi:schemaLocation="http://www.loc.gov/MARC21/slim http://www.loc.gov/standards/marcxml/schema/MARC21slim.xsd"
    xmlns="http://www.loc.gov/MARC21/slim">

  <leader>00972nam a2200181Ia 4500</leader>
  <controlfield tag="008">100122s9999    xx            000 0 und d</controlfield>
  <datafield tag="082" ind1=" " ind2=" ">
    <subfield code="b">62188</subfield>
    <subfield code="a">525</subfield>
  </datafield>
  <datafield tag="100" ind1=" " ind2=" ">
    <subfield code="a">&#x936;&#x93F;&#x930;&#x935;&#x93E;&#x921;&#x915;&#x930; &#x935;&#x938;&#x902;&#x924;</subfield>
  </datafield>
  <datafield tag="245" ind1=" " ind2=" ">
    <subfield code="a">&#x928;&#x93F;&#x938;&#x930;&#x94D;&#x917; &#x935;&#x93F;&#x91C;&#x94D;&#x91E;&#x93E;&#x928; &#x92A;&#x930;&#x93F;&#x91A;&#x92F; ( &#x915;.&#x915;&#x94D;&#x930;.231/2 )</subfield>
  </datafield>
  <datafield tag="250" ind1=" " ind2=" ">
    <subfield code="a">0</subfield>
  </datafield>
  <datafield tag="260" ind1=" " ind2=" ">
    <subfield code="b">&#x92A;&#x943;&#x925;&#x94D;&#x935;&#x940; &#x92A;&#x94D;&#x930;&#x915;&#x93E;&#x936;&#x928;</subfield>
    <subfield code="c">2001</subfield>
  </datafield>
  <datafield tag="300" ind1=" " ind2=" ">
    <subfield code="a">150</subfield>
  </datafield>
  <datafield tag="520" ind1=" " ind2=" ">
    <subfield code="a">&#x92E;&#x93E;&#x923;&#x942;&#x938; &#x915;&#x938;&#x93E; &#x91D;&#x93E;&#x932;&#x93E; / &#x905;&#x935;&#x915;&#x93E;&#x936;&#x93E;&#x91A;&#x93E; &#x936;&#x94B;&#x927; / &#x938;&#x93E;&#x917;&#x930;&#x93E;&#x91A;&#x94D;&#x92F;&#x93E; &#x909;&#x926;&#x930;&#x93E;&#x924; / &#x90A;&#x930;&#x94D;&#x91C;&#x947;&#x91A;&#x94D;&#x92F;&#x93E; &#x936;&#x94B;&#x927;&#x93E;&#x924;</subfield>
  </datafield>
  <datafield tag="620" ind1=" " ind2=" ">
    <subfield code="a">&#x92E;&#x93E;&#x923;&#x942;&#x938; &#x915;&#x938;&#x93E; &#x91D;&#x93E;&#x932;&#x93E; / &#x905;&#x935;&#x915;&#x93E;&#x936;&#x93E;&#x91A;&#x93E; &#x936;&#x94B;&#x927; / &#x938;&#x93E;&#x917;&#x930;&#x93E;&#x91A;&#x94D;&#x92F;&#x93E; &#x909;&#x926;&#x930;&#x93E;&#x924; / &#x90A;&#x930;&#x94D;&#x91C;&#x947;&#x91A;&#x94D;&#x92F;&#x93E; &#x936;&#x94B;&#x927;&#x93E;&#x924;</subfield>
  </datafield>
  <datafield tag="630" ind1=" " ind2=" ">
    <subfield code="a">&#x928;&#x93F;&#x938;&#x930;&#x94D;&#x917; &#x935;&#x93F;&#x91C;&#x94D;&#x91E;&#x93E;&#x928; &#x92A;&#x930;&#x93F;&#x91A;&#x92F; ( &#x915;.&#x915;&#x94D;&#x930;.231/2 )</subfield>
  </datafield>
  <datafield tag="730" ind1=" " ind2=" ">
    <subfield code="a">&#x928;&#x93F;&#x938;&#x930;&#x94D;&#x917; &#x935;&#x93F;&#x91C;&#x94D;&#x91E;&#x93E;&#x928; &#x92A;&#x930;&#x93F;&#x91A;&#x92F; ( &#x915;.&#x915;&#x94D;&#x930;.231/2 )</subfield>
  </datafield>
  <datafield tag="942" ind1=" " ind2=" ">
    <subfield code="c">BOOK</subfield>
  </datafield>
  <datafield tag="999" ind1=" " ind2=" ">
    <subfield code="c">436583</subfield>
    <subfield code="d">436580</subfield>
  </datafield>
  <datafield tag="952" ind1=" " ind2=" ">
    <subfield code="0">0</subfield>
    <subfield code="1">0</subfield>
    <subfield code="4">0</subfield>
    <subfield code="7">0</subfield>
    <subfield code="a">SVPPARLE</subfield>
    <subfield code="b">SVPPARLE</subfield>
    <subfield code="c">231/2</subfield>
    <subfield code="d">2008-03-31</subfield>
    <subfield code="g">235.00</subfield>
    <subfield code="l">0</subfield>
    <subfield code="o">62188</subfield>
    <subfield code="p">SVPPARLE-62188</subfield>
    <subfield code="r">2010-01-25 00:00:00</subfield>
    <subfield code="v">235.00</subfield>
    <subfield code="w">2010-01-25</subfield>
    <subfield code="y">BOOK</subfield>
    <subfield code="z">General NA</subfield>
  </datafield>
</record>
